000 00928pam a2200289 a 4500
001 4867431
003 JO-AjAnu
005 20240429121313.0
008 920116s1992 nyua b 001 0 eng
010 _a 92003732
020 _a0471570842
040 _aDLC
_cDLC
_dJO-AjAnu
_beng
041 0 _aeng
_heng
050 0 0 _aHF5635
_b.K5 1992
082 0 0 _a657/.044
_221
100 1 _aKieso, Donald E.
245 1 0 _aIntermediate accounting /
_cDonald E. Kieso, Jerry J. Weygandt.
250 _a7th ed.
260 _aNew York :
_bWiley,
_cc1992.
300 _axxvi, 1459 p. :
_bill. (some col.) ;
_c26 cm.
504 _aIncludes bibliographical references and index.
650 0 _aAccounting.
700 1 _aWeygandt, Jerry J.
906 _a7
_bcbc
_corignew
_d1
_eocip
_f19
_gy-gencatlg
942 _2lcc
_cBK
_n0
999 _c33475
_d33475